| 000 | 00729nam a2200193 4500 | ||
|---|---|---|---|
| 001 | 138122 | ||
| 003 | ES-MaACL | ||
| 005 | 20230906195516.0 | ||
| 007 | t| | ||
| 008 | 070214s1967 sp r ||||1| spa d | ||
| 100 | 1 |
_aSánchez Piñol, Daniel. _9102855 |
|
| 245 | 1 | 0 |
_aManual del impuesto sobre la renta de las personas físicas / _cpor Daniel Sánchez Piñol y Francisco García López de Arenosa ; prólogo... Bernardo Revuelta García. |
| 260 |
_aMadrid : _b[s. n.], _c1967 ( _fNuevas Gráficas) |
||
| 300 |
_aXI, 388 p. ; _c21 cm. |
||
| 500 | _aEn blanco las p. 250-251. | ||
| 700 | 1 |
_aGarcía López de Arenosa, Francisco. _954852 |
|
| 700 | 1 |
_aRevuelta García, Bernardo. _996462 |
|
| 852 |
_aES-MaACL _jC-32832 _bR.63469 |
||
| 999 |
_c138122 _d138122 |
||